[Event "Ostravský koník 2014 - MÈR"]
[Site "Ostrava, CZE"]
[Date "2014.05.03"]
[Round "8"]
[White "Sikora, Jan"]
[Black "Svoboda, Svatopluk"]
[Result "1/2-1/2"]
[WhiteElo "2188"]
[BlackElo "2334"]
[PlyCount "124"]
[SourceDate "2002.02.19"]

1. e4 c5 2. Nc3 d6 3. Nf3 Nf6 4. d4 cxd4 5. Nxd4 a6 6. g3 e5 7. Nde2 Be7 8. Bg2
Be6 9. O-O Nbd7 10. h3 h5 11. Nd5 Nxd5 12. exd5 Bf5 13. Nc3 Rc8 14. Be3 Qa5 15.
Qe2 Qb4 16. Rab1 Qc4 17. Qxc4 Rxc4 18. Rfc1 O-O 19. Bf1 Rc7 20. Kg2 b5 21. Bd3
Bxd3 22. cxd3 f5 23. a4 bxa4 24. Nxa4 Rfc8 25. Kf3 Nf6 26. Rxc7 Rxc7 27. Nc3
Rb7 28. Bc1 a5 29. Ra1 Bd8 30. Ra2 Nd7 31. Be3 Rb4 32. Nd1 g5 33. Ke2 Kf7 34.
Bd2 Rb5 35. Nc3 Rb7 36. Nd1 Rb5 37. Nc3 Rc5 38. Be3 Rc8 39. Nb5 Be7 40. Na7 Ra8
41. Rxa5 f4 42. gxf4 gxf4 43. Bd2 Nf6 44. Nc6 Rxa5 45. Bxa5 Nxd5 46. Kf3 Bh4
47. d4 Ke6 48. dxe5 dxe5 49. Bc3 Nxc3 50. bxc3 Kf5 51. Ke2 Bf6 52. f3 e4 53. c4
e3 54. Nb4 Be7 55. Nd3 Bd6 56. c5 Bc7 57. Nb4 Ke6 58. Kd3 Ke5 59. Nc2 Kf5 60.
Nd4+ Ke5 61. Nc2 Kd5 62. Nxe3+ fxe3 1/2-1/2

[Event "Ostravský koník 2014 - MÈR"]
[Site "Ostrava, CZE"]
[Date "2014.05.03"]
[Round "8"]
[White "Svatos, Jan"]
[Black "Lys, Josef"]
[Result "1-0"]
[WhiteElo "2306"]
[BlackElo "2206"]
[PlyCount "43"]
[SourceDate "2002.02.19"]

1. e4 c6 2. d4 d5 3. e5 Bf5 4. Nc3 e6 5. h4 h5 6. Bd3 Bxd3 7. Qxd3 b5 8. Bg5
Qb6 9. Nh3 a5 10. O-O Ne7 11. Ne2 Nf5 12. c3 Be7 13. Ng3 Nxh4 14. Bxe7 Kxe7 15.
Qe3 Ng6 16. f4 Nd7 17. Rae1 Rag8 18. f5 Ngf8 19. Ng5 h4 20. fxe6 fxe6 21. Nf7
hxg3 22. Qg5+ 1-0

[Event "Ostravský koník 2014 - MÈR"]
[Site "Ostrava, CZE"]
[Date "2014.05.03"]
[Round "8"]
[White "Olsarova, Karolina"]
[Black "Sindler, Michal"]
[Result "1-0"]
[WhiteElo "2279"]
[BlackElo "2157"]
[PlyCount "79"]
[SourceDate "2002.02.19"]

1. e4 c5 2. Nf3 d6 3. Bb5+ Nd7 4. d4 Ngf6 5. O-O cxd4 6. Qxd4 e5 7. Qd3 h6 8.
c4 Be7 9. Nc3 a6 10. Bxd7+ Bxd7 11. b3 O-O 12. a4 Qc7 13. Ba3 Be6 14. Rfd1 Rfd8
15. h3 Rac8 16. Nh2 b6 17. Nf1 Qb7 18. f3 Bf8 19. Ne3 Rb8 20. Kh2 Bd7 21. Qe2
Bc6 22. Nf5 Ne8 23. Nd5 Bxd5 24. Rxd5 g6 25. Ne3 Nc7 26. Rd2 b5 27. cxb5 axb5
28. a5 b4 29. Bb2 Na6 30. Qd1 Qc7 31. Nd5 Qa7 32. f4 Nc5 33. Nf6+ Kg7 34. fxe5
dxe5 35. Rxd8 Kxf6 36. Qd5 Qc7 37. Rf1+ Kg5 38. Rxb8 Qxb8 39. Bxe5 Qe8 40. Bf6#
1-0

[Event "Ostravský koník 2014 - MÈR"]
[Site "Ostrava, CZE"]
[Date "2014.05.03"]
[Round "8"]
[White "Obsivac, Josef"]
[Black "Zidek, Vaclav"]
[Result "0-1"]
[WhiteElo "2299"]
[BlackElo "2135"]
[PlyCount "115"]
[SourceDate "2002.02.19"]

1. Nf3 Nf6 2. c4 e6 3. Nc3 b6 4. g3 Bb7 5. Bg2 Be7 6. O-O O-O 7. d4 Ne4 8. Bd2
f5 9. Rc1 Bf6 10. Be1 d6 11. d5 Nxc3 12. Bxc3 Bxc3 13. Rxc3 e5 14. b4 a5 15. a3
axb4 16. axb4 Nd7 17. Qd2 h6 18. Qc2 Qf6 19. e4 fxe4 20. Nd2 Qe7 21. Nxe4 Nf6
22. Rc1 Nxe4 23. Bxe4 Qd7 24. Qe2 Qa4 25. Rb1 Qa2 26. Rb2 Qa1+ 27. Kg2 Ra4 28.
Rcc2 Qa3 29. Qd2 Bc8 30. Rc3 Qa1 31. Rc1 Qa3 32. Rc3 Qa1 33. Bb1 Bf5 34. Bxf5
Rxf5 35. Qc2 Rf8 36. c5 bxc5 37. bxc5 Qe1 38. Re3 Qa5 39. Rf3 Rxf3 40. Kxf3 Qa8
41. c6 Qf8+ 42. Kg2 Ra8 43. Qg6 Qf7 44. Qxf7+ Kxf7 45. Rb7 Rc8 46. h4 Kg6 47.
Kf3 Rf8+ 48. Ke3 Rf7 49. f3 h5 50. Ke4 Kf6 51. Rb8 Kg6 52. Rh8 Rf6 53. Re8 Rf7
54. Rh8 Rf6 55. f4 exf4 56. gxf4 Rf7 57. Re8 Kf6 58. Re6# 0-1

[Event "Ostravský koník 2014 - MÈR"]
[Site "Ostrava, CZE"]
[Date "2014.05.03"]
[Round "8"]
[White "Machycek, Lubomir"]
[Black "Freisler, Pavel"]
[Result "1-0"]
[WhiteElo "2210"]
[BlackElo "2357"]
[PlyCount "80"]
[SourceDate "2002.02.19"]

1. c4 e5 2. Nc3 d6 3. Nf3 Bg4 4. d4 Nd7 5. e4 Bxf3 6. gxf3 Be7 7. Be3 Bf6 8. d5
Ne7 9. Qd2 Ng6 10. Rg1 h6 11. Bh3 Bg5 12. O-O-O a6 13. Bf5 Nf4 14. Ne2 Nxe2+
15. Qxe2 Nc5 16. Kb1 g6 17. Bh3 Qf6 18. b4 Nd7 19. c5 Ke7 20. Rc1 Rhb8 21. Rgd1
Bxe3 22. fxe3 Nf8 23. cxd6+ Qxd6 24. Qc4 Kd8 25. f4 b5 26. Qc5 Nd7 27. Bxd7
Kxd7 28. fxe5 Qxc5 29. Rxc5 Re8 30. Rf1 Re7 31. Rxf7 Rxf7 32. e6+ Ke8 33. exf7+
Kxf7 34. Rxc7+ Kf6 35. Kc2 Re8 36. Kd3 Re5 37. Kd4 Rh5 38. e5+ Rxe5 39. Rf7+
Kxf7 40. Kxe5 Ke8 1-0

[Event "Ostravský koník 2014 - MÈR"]
[Site "Ostrava, CZE"]
[Date "2014.05.03"]
[Round "8"]
[White "Malik, Jan"]
[Black "Jedlicka, Ales"]
[Result "1/2-1/2"]
[WhiteElo "2289"]
[BlackElo "2199"]
[PlyCount "26"]
[SourceDate "2002.02.19"]

1. e4 c5 2. Nf3 Nc6 3. d4 cxd4 4. Nxd4 Nf6 5. Nc3 e6 6. Ndb5 Bb4 7. a3 Bxc3+ 8.
Nxc3 d5 9. Bd3 Nxe4 10. Nxe4 dxe4 11. Bxe4 Qxd1+ 12. Kxd1 Bd7 13. Be3 O-O-O
1/2-1/2

[Event "Ostravský koník 2014 - MÈR"]
[Site "Ostrava, CZE"]
[Date "2014.05.03"]
[Round "8"]
[White "Nguyen, Thai Dai Van"]
[Black "Holemar, David"]
[Result "1/2-1/2"]
[WhiteElo "2217"]
[BlackElo "2269"]
[PlyCount "50"]
[SourceDate "2002.02.19"]

1. e4 c5 2. Nf3 Nc6 3. d4 cxd4 4. Nxd4 e5 5. Nb5 d6 6. N1c3 a6 7. Na3 b5 8. Nd5
Nge7 9. c4 Nd4 10. cxb5 Nxd5 11. exd5 Qh4 12. Be3 Nf5 13. Qd2 Be7 14. bxa6 O-O
15. Bc4 Nxe3 16. Qxe3 Bg5 17. Qe2 Bg4 18. Qc2 e4 19. O-O Bf3 20. Rfe1 Bxg2 21.
Kxg2 Qg4+ 22. Kh1 Qf3+ 23. Kg1 Qg4+ 24. Kh1 Qf3+ 25. Kg1 Qg4+ 1/2-1/2

[Event "Ostravský koník 2014 - MÈR"]
[Site "Ostrava, CZE"]
[Date "2014.05.03"]
[Round "8"]
[White "Firt, Stanislav"]
[Black "Splichal, Stanislav"]
[Result "1/2-1/2"]
[WhiteElo "2253"]
[BlackElo "2125"]
[PlyCount "36"]
[SourceDate "2002.02.19"]

1. Nf3 d5 2. c4 e6 3. d4 Nf6 4. Nc3 Be7 5. Bg5 O-O 6. e3 h6 7. Bxf6 Bxf6 8. Qc2
c5 9. dxc5 Nc6 10. cxd5 exd5 11. Be2 Qa5 12. O-O-O Be6 13. Nd4 Qxc5 14. Ncb5
Qb6 15. Kb1 a6 16. Nxe6 fxe6 17. Na3 Rac8 18. Qb3 Qxb3 1/2-1/2

[Event "Ostravský koník 2014 - MÈR"]
[Site "Ostrava, CZE"]
[Date "2014.05.03"]
[Round "8"]
[White "Kubik, Michael"]
[Black "Belunek, Vladimir"]
[Result "1-0"]
[WhiteElo "2203"]
[BlackElo "2252"]
[PlyCount "59"]
[SourceDate "2002.02.19"]

1. e4 g6 2. d4 Bg7 3. Nc3 d6 4. Be3 a6 5. f4 b5 6. Bd3 Bb7 7. Nf3 Nf6 8. a3 O-O
9. e5 Nd5 10. Nxd5 Bxd5 11. O-O Nd7 12. Ng5 e6 13. Be4 h6 14. Bxd5 exd5 15. Nf3
f5 16. Qd3 Nb6 17. Rad1 Qe7 18. h3 Rae8 19. Kh1 Kh8 20. c3 c6 21. Rde1 a5 22.
Bc1 a4 23. g4 Qd8 24. gxf5 gxf5 25. Rg1 Nc4 26. Rg6 Rf7 27. Reg1 Ref8 28. Qe2
Re8 29. Qg2 Qd7 30. exd6 1-0

[Event "Ostravský koník 2014 - MÈR"]
[Site "Ostrava, CZE"]
[Date "2014.05.03"]
[Round "8"]
[White "HavlÃ­kova, Kristyna"]
[Black "Dobes, Vojtech"]
[Result "0-1"]
[WhiteElo "2251"]
[BlackElo "2103"]
[PlyCount "104"]
[SourceDate "2002.02.19"]

1. e4 e5 2. Nf3 Nc6 3. Bb5 a6 4. Ba4 Nf6 5. O-O b5 6. Bb3 Bb7 7. d3 Be7 8. a4
b4 9. Nbd2 d6 10. c3 bxc3 11. bxc3 O-O 12. a5 h6 13. Nc4 Bc8 14. Ne3 Re8 15.
Nd5 Nb8 16. Nxe7+ Qxe7 17. Ne1 Be6 18. f4 Bxb3 19. Qxb3 exf4 20. Bxf4 Nbd7 21.
Nf3 Nc5 22. Qc2 Ne6 23. Bc1 Nd7 24. c4 Ne5 25. Bb2 Nxf3+ 26. Rxf3 c5 27. Raf1
f6 28. Rg3 Rf8 29. Qd2 Kh7 30. Qf2 Rab8 31. Bc3 Rb3 32. Qc2 Rbb8 33. Qd1 Kh8
34. Qh5 Qe8 35. Rg6 Kh7 36. Qf5 Qxg6 37. Qxe6 Rbd8 38. Qd5 Qg5 39. Qxg5 hxg5
40. Rb1 Rb8 41. Rb6 Rxb6 42. axb6 Rb8 43. Ba5 Kg6 44. Kf2 Kf7 45. Ke3 Ke6 46.
d4 Kd7 47. d5 Kc8 48. Kf3 Kb7 49. g4 Re8 50. h3 Re5 51. Ke3 Re7 52. Kf3 Re8 0-1

[Event "Ostravský koník 2014 - MÈR"]
[Site "Ostrava, CZE"]
[Date "2014.05.03"]
[Round "8"]
[White "Folk, Petr"]
[Black "Marikova, Jana"]
[Result "0-1"]
[WhiteElo "2229"]
[BlackElo "2079"]
[PlyCount "61"]
[SourceDate "2002.02.19"]

1. e4 c5 2. Nf3 d6 3. d4 cxd4 4. Nxd4 Nf6 5. Nc3 a6 6. Bg5 Nbd7 7. f4 Qc7 8.
Qf3 h6 9. Bxf6 Nxf6 10. f5 Qc5 11. O-O-O g5 12. fxg6 Bg4 13. gxf7+ Kxf7 14. Qd3
Bxd1 15. Nxd1 Rc8 16. g3 h5 17. Kb1 Bg7 18. Ne3 Ng4 19. Nef5 Bf6 20. Be2 e6 21.
Rf1 exf5 22. Rxf5 Qb6 23. c3 Rc5 24. Qf3 Ke7 25. Qf4 Rxf5 26. Nxf5+ Kd7 27.
Bxg4 hxg4 28. Qxg4 Kc7 29. h4 Bxc3 30. Qe2 Kb8 31. Qd1 0-1

[Event "Ostravský koník 2014 - MÈR"]
[Site "Ostrava, CZE"]
[Date "2014.05.03"]
[Round "8"]
[White "Chlevistan, Jakub"]
[Black "Toman, Jaroslav"]
[Result "0-1"]
[WhiteElo "2142"]
[BlackElo "2220"]
[PlyCount "54"]
[SourceDate "2002.02.19"]

1. Nf3 c5 2. c4 Nc6 3. d4 cxd4 4. Nxd4 e6 5. Nc3 Qc7 6. e4 Nf6 7. Be2 Bb4 8.
Ndb5 Qb8 9. a3 Be7 10. O-O a6 11. Nd4 O-O 12. Kh1 d6 13. f4 Bd7 14. Nc2 b5 15.
c5 dxc5 16. e5 Nd5 17. Nxd5 exd5 18. Qxd5 Qc7 19. Be3 Be6 20. Qe4 Rad8 21. Bf3
Na5 22. f5 Bd5 23. Qf4 Bxf3 24. Rxf3 f6 25. exf6 Qxf4 26. Rxf4 Bxf6 27. Bxc5
Nb3 0-1

[Event "Ostravský koník 2014 - MÈR"]
[Site "Ostrava, CZE"]
[Date "2014.05.03"]
[Round "8"]
[White "Ockay, Tomas"]
[Black "Olsar, Jaroslav"]
[Result "1/2-1/2"]
[WhiteElo "2154"]
[BlackElo "2267"]
[PlyCount "71"]

1. Nf3 d5 2. b3 Nf6 3. Bb2 c5 4. e3 Nc6 5. Be2 e6 6. O-O Be7 7. d4 O-O 8. c4 b6
9. Nc3 Bb7 10. cxd5 exd5 11. Rc1 Rc8 12. Qd3 cxd4 13. Nxd4 Nxd4 14. Qxd4 Bc5
15. Qf4 Qe7 16. Nb5 Ne4 17. Nd4 g6 18. Qh6 f6 19. Bg4 f5 20. Be2 a6 21. Ne6
Rfe8 22. Nxc5 bxc5 23. h4 Rc7 24. Rc2 Rec8 25. Rfc1 Rc6 26. Qf4 Nd6 27. Bf3 Ne4
28. h5 R8c7 29. hxg6 hxg6 30. g3 Qe6 31. Qh4 Kf7 32. Qd8 Rc8 33. Qh4 R8c7 34.
Qd8 Rc8 35. Qh4 R8c7 36. Qd8 1/2-1/2

[Event "Ostravský koník 2014 - MÈR"]
[Site "Ostrava, CZE"]
[Date "2014.05.03"]
[Round "8"]
[White "Krajina, Ales"]
[Black "Richterova, Natasa"]
[Result "0-1"]
[WhiteElo "2228"]
[BlackElo "2034"]
[PlyCount "228"]
[SourceDate "2002.02.19"]

1. e4 d6 2. d4 Nf6 3. f3 Nbd7 4. Be3 c6 5. c3 Qc7 6. Nd2 b5 7. a4 bxa4 8. Qxa4
g6 9. Qa5 Qxa5 10. Rxa5 Bg7 11. Bd3 O-O 12. Ne2 Ne8 13. O-O Nc7 14. Rfa1 a6 15.
f4 Rb8 16. R1a2 d5 17. e5 f6 18. Bf2 fxe5 19. fxe5 c5 20. Nf3 c4 21. Bc2 Rb6
22. Bh4 Rf7 23. Ng5 Rf8 24. Nh3 Rf7 25. Nef4 e6 26. Bd8 Nb8 27. g3 Nc6 28. Bxc7
Rxc7 29. R5a4 Bh6 30. Bd1 Ne7 31. Bg4 Kf7 32. Ra5 Nc6 33. R5a4 Ne7 34. Nf2 Bxf4
35. gxf4 Rb8 36. Ra5 Rc6 37. Nd1 h5 38. Bh3 g5 39. fxg5 Kg6 40. Ra1 Kxg5 41.
Rc1 Ng6 42. Rc2 Nf4 43. Bf1 Bd7 44. Ne3 Be8 45. Rf2 h4 46. Ra2 Bg6 47. Nc2 Bxc2
48. Rxc2 Rcb6 49. Kf2 a5 50. Ke3 a4 51. Rf2 Nh5 52. Bh3 Ng7 53. Rg2+ Kh6 54.
Bg4 a3 55. bxa3 Rb3 56. Rgc2 Kg5 57. h3 R8b6 58. a4 Ra6 59. Rc1 Ra7 60. Kd2
Rab7 61. Bd1 Rb2+ 62. Rxb2 Rxb2+ 63. Bc2 Nh5 64. Rg1+ Ng3 65. Kc1 Rb8 66. Rg2
Rf8 67. Kb2 Rb8+ 68. Ka3 Kf4 69. a5 Ke3 70. Ba4 Ne4 71. Rb2 Ra8 72. Kb4 Rb8+
73. Ka3 Ra8 74. Kb4 Rb8+ 75. Ka3 Rxb2 76. Kxb2 Kd2 77. Bc2 Nxc3 78. a6 Nb5 79.
Bg6 c3+ 80. Kb1 Ke3 81. Be8 Na7 82. Bd7 Kxd4 83. Bxe6 Kxe5 84. Bg8 Kd4 85. Kc2
Nb5 86. Be6 Kc4 87. Bf7 Nd4+ 88. Kb1 Nc6 89. Be8 Na7 90. Kc2 d4 91. Bf7+ Kb4
92. Bg6 Nb5 93. Bd3 Na7 94. Be2 Kc5 95. Kb3 Nc6 96. Bf3 Na5+ 97. Kc2 Kb6 98.
Be2 Nc6 99. Kb3 Kc5 100. Bf3 Na5+ 101. Kc2 Kb6 102. Be2 Nc6 103. Kb3 Nb8 104.
Bd3 Nxa6 105. Kc4 Ka5 106. Kxd4 Kb4 107. Bf5 Nc5 108. Bg6 Ne6+ 109. Ke5 Ng5
110. Kf4 Nxh3+ 111. Kg4 Nf2+ 112. Kxh4 Kc4 113. Bc2 Kd4 114. Kg5 Ke3 0-1

[Event "Ostravský koník 2014 - MÈR"]
[Site "Ostrava, CZE"]
[Date "2014.05.03"]
[Round "8"]
[White "Frolik, Martin"]
[Black "Vybiral, Zdenek"]
[Result "1-0"]
[WhiteElo "2213"]
[BlackElo "2167"]
[PlyCount "79"]
[SourceDate "2002.02.19"]

1. d4 Nf6 2. Nf3 c5 3. c4 e6 4. Nc3 cxd4 5. Nxd4 Nc6 6. e3 d5 7. cxd5 exd5 8.
Be2 Bd6 9. Bf3 Be5 10. O-O O-O 11. a3 Re8 12. Qa4 Bd7 13. Nxc6 Bxc6 14. Qh4 Qb6
15. Qb4 Qc7 16. g3 a5 17. Qb3 a4 18. Qb4 Ne4 19. Nb5 Qd8 20. Nd4 Qf6 21. Bg2 h5
22. f3 Nd6 23. Nxc6 Bxg3 24. hxg3 bxc6 25. Qf4 Qg6 26. Bh3 Nc4 27. Bf5 Qf6 28.
Bd7 Qg6 29. Bf5 Qf6 30. Bd7 Qg6 31. Bxe8 Rxe8 32. Kg2 Re5 33. Rf2 c5 34. Qh4
Qd3 35. Qf4 f6 36. Qh4 Qb3 37. Qh3 Qd1 38. Qc8+ Kh7 39. Qxc5 h4 40. gxh4 1-0

[Event "Ostravský koník 2014 - MÈR"]
[Site "Ostrava, CZE"]
[Date "2014.05.03"]
[Round "8"]
[White "Soural, Jan"]
[Black "Dostal, Radim"]
[Result "0-1"]
[WhiteElo "2194"]
[BlackElo "2043"]
[PlyCount "90"]
[SourceDate "2002.02.19"]

1. d4 Nf6 2. c4 c5 3. d5 e6 4. Nc3 exd5 5. cxd5 d6 6. Nf3 g6 7. g3 Bg7 8. Bg2
O-O 9. O-O Re8 10. a4 a6 11. Bf4 Qc7 12. Nd2 Nh5 13. Bg5 h6 14. Be3 Nd7 15. Nc4
Ne5 16. Nxe5 Rxe5 17. Qc1 Kh7 18. Bd2 Rb8 19. Rb1 b5 20. axb5 axb5 21. b4 c4
22. Ra1 Nf6 23. Ra5 Bd7 24. h3 Qc8 25. Bf4 Rh5 26. g4 Nxg4 27. hxg4 Bxg4 28.
Ne4 Bh3 29. f3 Bxg2 30. Kxg2 Qh3+ 31. Kf2 Re8 32. Ng3 Qh2+ 33. Ke1 Rg5 34. Bxg5
Qxg3+ 35. Kd1 Qg2 36. Re1 hxg5 37. Rxb5 c3 38. Rb7 Qf2 39. Rxf7 Qd4+ 40. Kc2
Ra8 41. Rh1+ Kg8 42. Rxg7+ Kxg7 43. Qxg5 Ra2+ 44. Kb1 Qxb4+ 45. Kxa2 Qb2# 0-1

[Event "Ostravský koník 2014 - MÈR"]
[Site "Ostrava, CZE"]
[Date "2014.05.03"]
[Round "8"]
[White "Novosadova, Kristyna"]
[Black "Pacl, Vaclav"]
[Result "1-0"]
[WhiteElo "2187"]
[BlackElo "2150"]
[PlyCount "65"]
[SourceDate "2002.02.19"]

1. e4 c6 2. d4 d5 3. Nc3 dxe4 4. Nxe4 h6 5. Bc4 Bf5 6. Qf3 e6 7. Ne2 Nd7 8.
N2g3 Bg6 9. Qb3 Nb6 10. Bxe6 Qxd4 11. Be3 Qe5 12. Bxb6 axb6 13. Bc4 b5 14. O-O
Be7 15. Bd3 O-O-O 16. a4 b4 17. a5 Kc7 18. Rfe1 h5 19. a6 b6 20. a7 Ra8 21. c3
Nh6 22. cxb4 h4 23. Nc5 Qd6 24. Nge4 Bxe4 25. Na6+ Kb7 26. Bxe4 Rxa7 27. Nc5+
Kb8 28. Rxa7 Kxa7 29. Qa4+ Kb8 30. Bxc6 bxc5 31. Qa8+ Kc7 32. Qb7+ Kd8 33. bxc5
1-0

[Event "Ostravský koník 2014 - MÈR"]
[Site "Ostrava, CZE"]
[Date "2014.05.03"]
[Round "8"]
[White "Vesely, Martin"]
[Black "Hladik, Lumir"]
[Result "1-0"]
[WhiteElo "2156"]
[BlackElo "2034"]
[PlyCount "75"]
[SourceDate "2002.02.19"]

1. d4 Nf6 2. Nf3 d5 3. c4 e6 4. Nc3 Be7 5. Bg5 O-O 6. e3 c6 7. Bd3 dxc4 8. Bxc4
b5 9. Bd3 Bb7 10. O-O h6 11. Bh4 a6 12. e4 b4 13. Na4 Nbd7 14. e5 Nd5 15. Bxe7
Qxe7 16. Rc1 c5 17. Nxc5 Nxc5 18. Rxc5 f5 19. Qd2 g5 20. Rfc1 Rf7 21. Ne1 Rg7
22. Nc2 Nf4 23. Bf1 a5 24. Ne3 g4 25. Nxf5 Qg5 26. Ne3 Nh3+ 27. Kh1 Rf8 28. f3
gxf3 29. g3 Be4 30. Bxh3 f2+ 31. Bg2 Bxg2+ 32. Kxg2 Qf4 33. Kf1 Qg5 34. Rc8
Rgf7 35. Rxf8+ Rxf8 36. Qe2 Kh8 37. Rc7 Qg6 38. Qc2 1-0

[Event "Ostravský koník 2014 - MÈR"]
[Site "Ostrava, CZE"]
[Date "2014.05.03"]
[Round "8"]
[White "Miculka, Petr"]
[Black "Bures, Martin"]
[Result "1-0"]
[WhiteElo "2017"]
[BlackElo "2156"]
[PlyCount "123"]
[SourceDate "2002.02.19"]

1. e4 Nf6 2. e5 Nd5 3. d4 d6 4. Nf3 Bg4 5. Be2 c6 6. O-O Bxf3 7. Bxf3 dxe5 8.
dxe5 e6 9. c4 Ne7 10. Qxd8+ Kxd8 11. Be4 Nd7 12. Rd1 Kc7 13. Bf4 g6 14. Nd2 Bg7
15. Nf3 h6 16. h4 Rad8 17. Rd2 Nc5 18. Bc2 Rxd2 19. Bxd2 Rd8 20. Bb4 b6 21. Re1
Nf5 22. Bc3 a5 23. a3 Bf8 24. Kf1 Be7 25. g3 Rd7 26. Ke2 a4 27. Rd1 Rxd1 28.
Kxd1 b5 29. Nd2 Kb6 30. cxb5 cxb5 31. Ne4 Nxe4 32. Bxe4 Bc5 33. Ke2 Nd4+ 34.
Kd3 Nb3 35. Ke2 Bd4 36. Bxd4+ Nxd4+ 37. Kd3 Kc5 38. g4 g5 39. h5 f5 40. exf6 e5
41. f7 Ne6 42. Bf5 Nf8 43. Ke4 Kd6 44. f3 Ke7 45. Kxe5 Kxf7 46. Kd5 Kf6 47. Kc5
Ne6+ 48. Bxe6 Kxe6 49. Kxb5 Ke5 50. Kxa4 Kf4 51. b4 Kxf3 52. b5 Kxg4 53. b6
Kxh5 54. b7 Kh4 55. b8=Q h5 56. Qh2+ Kg4 57. Kb4 h4 58. Kc4 Kh5 59. Kd4 g4 60.
Ke4 g3 61. Qh3 Kg5 62. a4 1-0

[Event "Ostravský koník 2014 - MÈR"]
[Site "Ostrava, CZE"]
[Date "2014.05.03"]
[Round "8"]
[White "Kolar, Stanislav"]
[Black "Didi, Jan"]
[Result "0-1"]
[WhiteElo "2081"]
[BlackElo "2069"]
[PlyCount "68"]
[SourceDate "2002.02.19"]

1. e4 c5 2. Nf3 d6 3. Nc3 Nf6 4. h3 Nc6 5. Bb5 Bd7 6. d4 cxd4 7. Nxd4 a6 8.
Bxc6 bxc6 9. O-O e5 10. Nf3 Be7 11. Qe2 O-O 12. Rd1 Qc7 13. b3 h6 14. a4 Be6
15. a5 c5 16. Nd5 Nxd5 17. exd5 Bd7 18. Nd2 f5 19. Bb2 Bb5 20. Nc4 Rae8 21. Bc3
e4 22. f4 Bf6 23. Bxf6 Rxf6 24. Qh5 Kh7 25. Nb6 Rg8 26. c4 Be8 27. Qe2 g5 28.
Rf1 g4 29. Kh2 Rfg6 30. Rg1 Qg7 31. Qe3 gxh3 32. Qxh3 Rg4 33. g3 Qb2+ 34. Qg2
Rh4+ 0-1

[Event "Ostravský koník 2014 - MÈR"]
[Site "Ostrava, CZE"]
[Date "2014.05.04"]
[Round "9"]
[White "Navara, David"]
[Black "Babula, Vlastimil"]
[Result "1/2-1/2"]
[WhiteElo "2706"]
[BlackElo "2553"]
[PlyCount "82"]

1. e4 c5 2. Nf3 Nc6 3. Bb5 e6 4. Bxc6 bxc6 5. d3 Ne7 6. Qe2 d6 7. e5 Nf5 8. c3
d5 9. Nbd2 a5 10. g4 Ne7 11. h4 h5 12. gxh5 Rxh5 13. Nf1 Nf5 14. Ng3 Rh8 15.
Bg5 Qb6 16. O-O Rb8 17. Rab1 Qc7 18. Kg2 Be7 19. Rh1 Ba6 20. Nxf5 exf5 21. Qe3
Bc8 22. d4 c4 23. b3 Be6 24. h5 Bf8 25. Ng1 cxb3 26. axb3 a4 27. b4 c5 28. Ne2
cxb4 29. cxb4 Bxb4 30. Nf4 Kd7 31. Qf3 Qc4 32. Nd3 Ba3 33. Qd1 Rxb1 34. Qxb1
Qb3 35. Qa1 Qxd3 36. Rh3 Qe4+ 37. Kh2 Qe2 38. Qxa3 Qxf2+ 39. Kh1 Qf1+ 40. Kh2
Qf2+ 41. Kh1 Qf1+ 1/2-1/2

[Event "Ostravský koník 2014 - MÈR"]
[Site "Ostrava, CZE"]
[Date "2014.05.04"]
[Round "9"]
[White "Petr, Martin"]
[Black "Oral, Tomas"]
[Result "1/2-1/2"]
[WhiteElo "2529"]
[BlackElo "2515"]
[PlyCount "21"]

1. Nf3 d5 2. g3 Nf6 3. Bg2 Bg4 4. O-O Nbd7 5. c4 c6 6. cxd5 cxd5 7. d4 e6 8.
Nc3 Be7 9. Ne5 Bf5 10. Qb3 Qb6 11. Qxb6 1/2-1/2

[Event "Ostravský koník 2014 - MÈR"]
[Site "Ostrava, CZE"]
[Date "2014.05.04"]
[Round "9"]
[White "Hracek, Zbynek"]
[Black "Cvek, Robert"]
[Result "1/2-1/2"]
[WhiteElo "2633"]
[BlackElo "2519"]
[PlyCount "155"]

1. e4 e6 2. d4 d5 3. Nd2 Be7 4. Ngf3 Nf6 5. e5 Nfd7 6. Bd3 c5 7. c3 b6 8. O-O
Ba6 9. Ne1 h5 10. Bxa6 Nxa6 11. Nd3 b5 12. Nf4 g6 13. g3 Qb6 14. Nf3 cxd4 15.
cxd4 Nb4 16. Nh3 Nc6 17. Bg5 Rc8 18. Rc1 Bxg5 19. Nhxg5 O-O 20. h3 Ne7 21. Qd2
Nf5 22. Kg2 Qb7 23. g4 Ng7 24. Rxc8 Rxc8 25. Rc1 Rxc1 26. Qxc1 hxg4 27. hxg4
Ne8 28. Qc3 b4 29. Qc2 a6 30. Qa4 Qb5 31. Qxb5 axb5 32. b3 Nb8 33. Ne1 Nc6 34.
Nc2 Nc7 35. Kf3 Kg7 36. Kf4 Na6 37. Nf3 Kh6 38. Ng5 Kg7 39. Nf3 Kh6 40. Nfe1
g5+ 41. Ke3 Kg6 42. f4 gxf4+ 43. Kxf4 Kh6 44. Kg3 Ne7 45. Nd3 Nc6 46. Kh4 Kg6
47. Nf4+ Kh6 48. g5+ Kg7 49. g6 Ne7 50. gxf7 Kxf7 51. Kg4 Nc6 52. Kh5 Ne7 53.
Kg5 Nc6 54. Kh6 Ne7 55. Kg5 Nc6 56. Nd3 Kg7 57. Kh5 Kh7 58. Nf4 Nc7 59. Ng6 Kg7
60. Kg5 Na6 61. Nf4 Nc7 62. Nd3 Na6 63. Nde1 Ne7 64. Ne3 Nb8 65. Nf3 Nbc6 66.
Kh5 Ng6 67. Ng2 Nge7 68. Ngh4 Ng8 69. Ng6 Nh6 70. Nf4 Nf5 71. Nxe6+ Kf7 72.
Nfg5+ Ke7 73. Nf4 Nfxd4 74. Nxd5+ Kd7 75. Nf6+ Ke7 76. Nd5+ Kd7 77. Nf6+ Ke7
78. Nd5+ 1/2-1/2

[Event "Ostravský koník 2014 - MÈR"]
[Site "Ostrava, CZE"]
[Date "2014.05.04"]
[Round "9"]
[White "Zilka, Stepan"]
[Black "Biolek, Richard"]
[Result "0-1"]
[WhiteElo "2541"]
[BlackElo "2418"]
[PlyCount "90"]

1. d4 Nf6 2. c4 g6 3. Nc3 Bg7 4. e4 d6 5. Nf3 O-O 6. Be2 e5 7. O-O Nc6 8. d5
Ne7 9. Ne1 Nd7 10. Be3 f5 11. f3 f4 12. Bf2 g5 13. Rc1 Ng6 14. Nd3 Nf6 15. c5
Rf7 16. Qb3 Bf8 17. cxd6 cxd6 18. Nb5 g4 19. Nxa7 Bd7 20. Bb6 Qe7 21. Rc7 Nh4
22. Ne1 Rg7 23. fxg4 Nxe4 24. Bb5 Nf6 25. Qh3 Ng6 26. Rxb7 Qe8 27. Bc6 Ne7 28.
Bxd7 Nxd7 29. Bf2 Nf6 30. g5 Ne4 31. Nf3 Nxd5 32. Rxg7+ Bxg7 33. Rc1 Nxf2 34.
Kxf2 e4 35. Qf5 Nb4 36. Rc7 exf3 37. Kxf3 Qh5+ 38. Qg4 Qxg4+ 39. Kxg4 Bxb2 40.
Rb7 Be5 41. Rxb4 Rxa7 42. a4 Kg7 43. Kh5 Kf7 44. a5 Ke6 45. Ra4 Kf5 0-1

[Event "Ostravský koník 2014 - MÈR"]
[Site "Ostrava, CZE"]
[Date "2014.05.04"]
[Round "9"]
[White "Stocek, Jiri"]
[Black "Vokac, Marek"]
[Result "1-0"]
[WhiteElo "2540"]
[BlackElo "2422"]
[PlyCount "147"]

1. d4 Nf6 2. Nf3 g6 3. c4 Bg7 4. Nc3 O-O 5. e4 d6 6. h3 e5 7. d5 Na6 8. Be3 c6
9. a3 cxd5 10. cxd5 Bd7 11. Nd2 Qb8 12. Rc1 Rc8 13. Be2 Rc7 14. O-O Qf8 15. Nb3
Bh6 16. Qd2 Bxe3 17. Qxe3 Nc5 18. Nd2 Rac8 19. Rce1 Ne8 20. f4 Qh6 21. Rf3 f6
22. Ref1 exf4 23. Rxf4 a6 24. Qd4 b5 25. R4f2 Qg7 26. Qe3 Qe7 27. Rf4 f5 28.
Qg3 Ng7 29. exf5 Bxf5 30. Qf2 Re8 31. Rf3 h5 32. Rf4 Qe3 33. Qxe3 Rxe3 34. g4
hxg4 35. hxg4 Bd3 36. Rf8+ Kh7 37. Kf2 Rce7 38. Rh1+ Nh5 39. Rf7+ Rxf7+ 40.
Kxe3 Re7+ 41. Kf3 Rf7+ 42. Kg2 Bxe2 43. Nxe2 Nd3 44. Ne4 Re7 45. N2g3 Nxb2 46.
gxh5 Nc4 47. Nf6+ Kg7 48. h6+ Kxf6 49. h7 Rxh7 50. Rxh7 Ke5 51. Kf3 Kxd5 52.
Ne4 Kd4 53. Rh4 Kd3 54. Kf4 Kc2 55. Rh3 Kb2 56. Rd3 Kc2 57. Rg3 d5 58. Nc5 a5
59. a4 bxa4 60. Nxa4 g5+ 61. Rxg5 d4 62. Ke4 d3 63. Rc5 d2 64. Rxc4+ Kb3 65.
Rd4 Kc2 66. Nb2 Kxb2 67. Rxd2+ Kb3 68. Rd3+ Kb2 69. Rd4 Kb3 70. Kd3 a4 71. Rd8
a3 72. Rb8+ Ka2 73. Kc2 Ka1 74. Rh8 1-0

[Event "Ostravský koník 2014 - MÈR"]
[Site "Ostrava, CZE"]
[Date "2014.05.04"]
[Round "9"]
[White "Kanovský, David"]
[Black "Rausis, Igors"]
[Result "0-1"]
[WhiteElo "2416"]
[BlackElo "2578"]
[PlyCount "110"]

1. e4 e5 2. Nf3 Nc6 3. Bc4 Bc5 4. c3 Nf6 5. d3 O-O 6. Nbd2 d6 7. a4 a5 8. O-O
Bg4 9. h3 Be6 10. Qb3 Qd7 11. Ng5 Bxc4 12. Nxc4 b6 13. Be3 Bxe3 14. Nxe3 h6 15.
Nf3 Ne7 16. Rad1 Ng6 17. Kh2 Nf4 18. Ng1 Ne6 19. Qc2 Nc5 20. f4 Qxa4 21. Qe2
Qe8 22. Kh1 exf4 23. Rxf4 Qe5 24. Rh4 Rfe8 25. Nf3 Qg3 26. Nf5 Qg6 27. N3d4 a4
28. Qf3 d5 29. exd5 a3 30. bxa3 Rxa3 31. d6 cxd6 32. Nxd6 Re7 33. N4f5 Re6 34.
d4 Ncd7 35. Nc4 Ra2 36. Nce3 b5 37. Rf1 Qg5 38. Ng4 Ree2 39. Nfxh6+ gxh6 40.
Rxh6 Rxg2 41. Rxf6 Nxf6 42. Nxf6+ Kh8 43. Ng4 Rge2 44. Rg1 Qh5 45. Rf1 f5 46.
c4 bxc4 47. d5 Qg5 48. Rb1 Rac2 49. Rb8+ Kg7 50. Rb7+ Kg6 51. Rb6+ Kf7 52. Nh6+
Ke8 53. Rb8+ Kd7 54. Rb7+ Kc8 55. d6 Rh2# 0-1